01563nam a2200265 a 4500001001000000005001700010008004100027041000800068044000700076084002600083100004500109245012900154260005500283300003500338500028500373500011600658500023500774500004001009500001001049650005201059650005701111650003401168650004501202740005001247BRCA_238920190320203803.0101108s1934----sp-#---###---#000-0#spa-u aspa asp a030b.B55c1934 F16151 aCervantes Saavedra, Miguel ded1547-161610aSegunda parte del Ingenioso Cavallero Don Quixote de la Manchacpor Miguel de Cervantes Saavedra, autor de su primera parte. aSan Sebastián (España)bBiblioteca nuevac1934 a1 v. (sin paginación)c21 cm aContenido : Tasa. Fe de erratas. Aprobación del Dr. Gutierre Cetina. Aprobación de M. Joseph de Valdivieso. Aprobación del Lic. Márquez Torres. Privilegio. Prólogo del autor. Dedicatoria del autor al Conde de Lemos. Texto. Los primero pasos de el Quijote, por M. Artigas aFacsímil de : Segunda parte del ingenioso cavallero Don Quixote de la Mancha. Madrid: Juan de la Cuesta, 1615 aFacsímile de la segunda parte de la edición príncipe, publicado en San Sabastián, pro Biblioteca Nueva, 1934. Bonito ejemplar, encuadernado en fina piel negra con florones y filetes dorados en lomo y planos Lúdovik Ostec aExistencias : Complementa al LO-007 aQM37414aNovela españolayÉpoca clásica, 1500-170014aLLiteratura españolayÉpoca clásica, 1500-170014aNovela españolaySiglo XVII14aDon Quijote (Personaje ficticio)eNovela0 aEl Ingenioso Hidalgo Don Quijote de la Mancha